| 000 | 01404nam a22002897a 4500 | ||
|---|---|---|---|
| 001 | 1444 | ||
| 005 | 20251013151847.0 | ||
| 020 | _a9789995054236 | ||
| 040 |
_aFISKH _beng _cFISKH _dFISKH |
||
| 082 | _a635.642 | ||
| 100 | _aChantha, Yaem | ||
| 245 | _aការដាំប៉េងប៉ោះ / | ||
| 250 | _aបោះពុម្ពលើកទី ៦ ឆ្នាំ ២០២១ | ||
| 260 |
_aPhnom Penh : _bSipar, _c2021. |
||
| 300 |
_a40 pages : _bcolor illustrations ; _c28 cm |
||
| 490 | _aបំណិនជីវិត | ||
| 505 | _aZ' | ||
| 520 | _aបង្ហាញពីរបៀបរៀបចំដី ការដាំ ការថែទាំដើមប៉េងប៉ោះ ការរក្សាទុកគ្រាប់ពូជ និងមានវិធី ធ្វើម្ហូបសាមញ្ញៗ សម្រាប់បរិភោគ ក្នុងគ្រួសារ។ | ||
| 520 | _aDemonstrate how to prepare the soil, plant, take care for tomato plants, store seeds and have simple cooking methods for family consumption. | ||
| 521 |
_a1120
_bLexile estimate |
||
| 521 |
_aZ'
_bRaz-Plus |
||
| 650 |
_aប៉េងប៉ោះ _vថែទាំ _xចំអិន |
||
| 650 |
_aTomato _vTake care _xCook |
||
| 700 |
_aSophal, Bot _cAuthor |
||
| 700 |
_aSophaleap, Nhoek _cillustrator |
||
| 942 |
_2ddc _cBK _n0 |
||
| 999 |
_c1444 _d1444 |
||